000 02725nam0a2200385 i 4500
001 RU\NLR\BIBL_A\010200922
005 20241115070310.0
010 _a9785916585889
_9200
021 _aRU
_b2013-108011
_97486
035 _a(NILC)RuMoRGB-006722423
035 _a(NLR Aleph) 010200922
090 _a10243343
_c10243343
100 _a20140306d2013 km y0rusy50 ca
101 0 _arus
102 _aRU
105 _ay|||z|||100yy
200 1 _aСталинградская битва: историческая память и художественное наследие. К 70-летию победы в Сталинградской битве
_eматериалы Всероссийской научно-практической конференции, 13-14 ноября 2013 года
_eсборник научных статей
_f[отв. ред.: к.ист.н., доц. Е.В. Огаркова]
210 _aМосква
_cПланета
_d2013
215 _a455 с.
_d21
300 _aНа обл. в подзаг.: Всероссийская научно-практическая конференция, посвященная 70-летию разгрома фашистских войск под Сталинградом
300 _aВ надзаг.: Федеральное гос. бюджетное образовательное учреждение высш. проф. образования "Волгоградский гос. социально-пед. ун-т", ГБУК "Волгоградский музей изобразительных искусств И. И. Машкова"
320 _aБиблиогр. в конце ст.
606 _aСталинградская битва
_jСъезды, совещания и т.п.
_z1942 - 1943
_92085735
_3RU\NLR\auth\661261857
675 _a94(470.45)<1941/1945>(082)
686 1 _aТ3(2)722.112.2я431
686 1 _aЦ35(2)722.311я431
702 1 _aОгаркова
_bЕ. В.
_gЕлена Владимировна
_4340
711 0 2 _aВолгоградский государственный социально-педагогический университет
711 1 2 _a"Сталинградская битва: историческая память и художественное наследие. К 70-летию победы в Сталинградской битве", всероссийская научно-практическая конференция
_eВолгоград
_f2013
_9394549
_3RU\NLR\AUTH\880363763
801 0 _aRU
_bRuMoRKP
_c20140113
_gRCR
801 2 _aRU
_bРГБ
_c20140128
_grcr
942 _cBOOK
980 _aNBR